000 00374nam a22001577a 4500
003 OSt
005 20160627092954.0
008 160627b xxu||||| |||| 00| 0 eng d
020 _a978003227511
040 _cN/A
050 _aHB 74.5
_b.C655 2006
100 _aDavid Colander
245 _aThe stories economist tell
260 _aBoston
_bMcGraw-Hill
942 _2lcc
_cBK
999 _c254678
_d254677